<?xml version="1.0" encoding="UTF-8"?>
<record
    xmlns:xsi="http://www.w3.org/2001/XMLSchema-instance"
    xsi:schemaLocation="http://www.loc.gov/MARC21/slim http://www.loc.gov/standards/marcxml/schema/MARC21slim.xsd"
    xmlns="http://www.loc.gov/MARC21/slim">

  <leader>00835nam a2200205 a 4500</leader>
  <controlfield tag="001">85660</controlfield>
  <controlfield tag="003">BD-RjUL</controlfield>
  <controlfield tag="005">20250908112721.0</controlfield>
  <controlfield tag="008">250908s1965    ii ||||| |||| 00| 0 urd d</controlfield>
  <datafield tag="035" ind1=" " ind2=" ">
    <subfield code="a">(BD-RjUL)85660</subfield>
  </datafield>
  <datafield tag="040" ind1=" " ind2=" ">
    <subfield code="a">BD-RjUL</subfield>
    <subfield code="b">eng</subfield>
    <subfield code="c">BD-RjUL</subfield>
  </datafield>
  <datafield tag="041" ind1=" " ind2=" ">
    <subfield code="a">urd</subfield>
  </datafield>
  <datafield tag="082" ind1=" " ind2=" ">
    <subfield code="2">23</subfield>
    <subfield code="a">891.43909</subfield>
    <subfield code="b">HUT 1965</subfield>
  </datafield>
  <datafield tag="100" ind1=" " ind2=" ">
    <subfield code="a"> &#x62D;&#x633;&#x6CC;&#x646; &#x60C; &#x633;&#x6CC;&#x62F; &#x627;&#x62D;&#x62A;&#x634;&#x627;&#x645; ;; Hussain, Syed Ehtsham</subfield>
    <subfield code="9">16811</subfield>
  </datafield>
  <datafield tag="245" ind1="1" ind2="0">
    <subfield code="a">&#x62A;&#x646;&#x642;&#x6CC;&#x62F;&#x6CC; &#x646;&#x638;&#x631;&#x6CC;&#x627;&#x62A; (&#x627;&#x635;&#x648;&#x644; &#x627;&#x648;&#x631; &#x641;&#x646; &#x62A;&#x646;&#x642;&#x6CC;&#x62F; &#x6A9;&#x6D2; &#x645;&#x62A;&#x639;&#x644;&#x642; &#x645;&#x636;&#x627;&#x645;&#x6CC;&#x646; &#x6A9;&#x627; &#x645;&#x62C;&#x645;&#x648;&#x639;&#x6C1;) / Tanq&#x12B;d&#x12B; na&#x1E93;ar&#x12B;y&#x101;t (u&#x1E63;&#x16B;l aur fann-i tanq&#x12B;d ke muta&#x2BF;aliq maz&#x324;&#x101;m&#x12B;n k&#x101; majm&#x16B;&#x2BF;ah) /</subfield>
    <subfield code="c">:&#x645;&#x631;&#x62A;&#x628;&#x6C1; &#x633;&#x6CC;&#x62F; &#x627;&#x62D;&#x62A;&#x634;&#x627;&#x645; &#x62D;&#x633;&#x6CC;&#x646;, Saiyid I&#x1E25;ti&#x161;&#x101;m &#x1E24;usain</subfield>
  </datafield>
  <datafield tag="260" ind1=" " ind2=" ">
    <subfield code="a">Lahore :</subfield>
    <subfield code="b">Ishrat pub. ,</subfield>
    <subfield code="c">1965</subfield>
  </datafield>
  <datafield tag="300" ind1=" " ind2=" ">
    <subfield code="a">296 p. ;</subfield>
  </datafield>
  <datafield tag="650" ind1=" " ind2=" ">
    <subfield code="a">Urdu literarature </subfield>
    <subfield code="v">history &amp; criticism</subfield>
    <subfield code="9">16812</subfield>
  </datafield>
  <datafield tag="942" ind1=" " ind2=" ">
    <subfield code="2">ddc</subfield>
    <subfield code="c">BK</subfield>
  </datafield>
  <datafield tag="999" ind1=" " ind2=" ">
    <subfield code="c">85660</subfield>
    <subfield code="d">85660</subfield>
  </datafield>
  <datafield tag="952" ind1=" " ind2=" ">
    <subfield code="0">0</subfield>
    <subfield code="1">0</subfield>
    <subfield code="2">ddc</subfield>
    <subfield code="4">0</subfield>
    <subfield code="7">1</subfield>
    <subfield code="8">NFIC</subfield>
    <subfield code="a">RUCL</subfield>
    <subfield code="b">RUCL</subfield>
    <subfield code="c">Reading</subfield>
    <subfield code="d">1967-02-08</subfield>
    <subfield code="e">feroz &amp; sons</subfield>
    <subfield code="g">6.00</subfield>
    <subfield code="l">0</subfield>
    <subfield code="o">U 891.43909 HUT 1965</subfield>
    <subfield code="r">2025-09-08 00:00:00</subfield>
    <subfield code="t">C-1</subfield>
    <subfield code="w">2025-09-08</subfield>
    <subfield code="y">BK</subfield>
  </datafield>
</record>
